000
00247 a2200097 4500
001
63366
082
_a
658 RAS
090
_c
37417
_d
37417
100
_a
Royal Aeronautical Socity
245
_a
The effective Management of Technological Change
_h
English
942
_a
CAE NUST
_k
658 RAS
999
_c
298439
_d
298439